Normal view
MARC view
Entry Topical Term
001 - CONTROL NUMBER
- control field: 52530
003 - CONTROL NUMBER IDENTIFIER
- control field: ARRUPE
005 - DATE AND TIME OF LATEST TRANSACTION
- control field: 20240306113412.0
008 - FIXED-LENGTH DATA ELEMENTS
- fixed length control field: 240306|| aca||aabn | a|a d
040 ## - CATALOGING SOURCE
- Original cataloging agency: ARRUPE
- Transcribing agency: ARRUPE
150 ## - HEADING--TOPICAL TERM
- Topical term or geographic name as entry element: Underdeveloped areas
- General subdivision: Rural poor
670 ## - SOURCE DATA FOUND
- Source citation: Work cat.: (ARRUPE)131827: Chambers, Robert 52529, Rural development, 1983